000 00277nam a22001217a 4500
008 170727b xxu||||| |||| 00| 0 eng d
041 _aeng
080 _a004
100 _a29
101 _aSHKI
245 _aTHEORETISCHE GRUNDLAGEN DER INFORMATIK
_cCAP, G.H
942 _2udc
_cBK
999 _c22001
_d22001